Lipoprotein (a) /

Lipoprotein A

Bibliographic Details
Main Author: Scanu, Angelo M., 1924-
Format: Book
Language:English
Published: San Diego : Academic Press, [1990]
Subjects:

MARC

Tag First Indicator Second Indicator Subfields
LEADER 00000cam a22000008a 4500
001 in00004474331
005 20191202143221.0
008 891023s1990 cauaf b 00110 eng c
010 |a  89018248  
020 |a 0126209901 (alk. paper) 
035 |a (OCoLC)20595807 
035 |9 AAE1605MS 
035 |z (UtOrBLW)13257 
035 |a 23739 
040 |a DNLM/DLC  |c DLC  |d TMV  |d UtOrBLW 
049 |a TMVM  |c 1 
050 0 0 |a QP552.L5  |b S26 1990 
060 0 |a QU 85 S283L 
060 4 |a QU 85  |b S283L 1990 
082 0 |a 612/.015754  |2 20 
100 1 |a Scanu, Angelo M.,  |d 1924- 
245 1 0 |a Lipoprotein (a) /  |c edited by Angelo M. Scanu. 
264 1 |a San Diego :  |b Academic Press,  |c [1990] 
264 4 |c ©1990 
300 |a xii, 226 pages, 1 unnumbered folded leaf of plates :  |b illustrations (some color) ;  |c 24 cm. 
336 |a text  |2 rdacontent  |b txt 
337 |a unmediated  |2 rdamedia 
338 |a volume  |2 rdacarrier  |b nc 
504 |a Includes bibliographical references and index. 
520 8 |a Lipoprotein A 
520 8 |a Atherosclerosis 
520 8 |a Coronary heart disease 
650 2 |a Lipoproteins, LDL  |x genetics. 
650 2 |a Lipoproteins, LDL  |x metabolism. 
650 2 |a Plasminogen  |x physiology. 
999 |a MARS 
999 f f |s 649ce9e4-d1d3-3eee-90e9-3ee17ef44058  |i 2fa97996-1ba5-3086-aef6-579a6823999b  |t 0 
952 f f |p ric  |a Texas A&M University  |b Rellis Campus  |c Joint Library Facility  |d Remote Storage  |t 0  |e QU 85 S283L 1990  |h National Library of Medicine classification  |i unmediated -- volume  |m 3238900916424 
998 f f |a QU 85 S283L 1990  |t 0  |l Remote Storage